| 000 | 00457nam a22001697a 4500 | ||
|---|---|---|---|
| 999 |
_c12246 _d12246 |
||
| 008 | 210125b ||||| |||| 00| 0 eng d | ||
| 082 | 0 | 0 |
_a516.83 _bN2186 |
| 100 |
_93786 _aNarayan, Shanti |
||
| 245 | 1 | 0 |
_aA Text book of vector calculus with applications _cBy Shanti Narayan |
| 250 | _a4th ed. | ||
| 260 |
_aCalcutta _bS.Chand _c1969 |
||
| 300 | _aiv,320 p. | ||
| 365 | _d7.50 | ||
| 650 | 0 | _aVector analysis | |
| 700 |
_93337 _aKapur,J.N. |
||
| 942 | _cBK | ||